LEADER 01005nam a2200229 i 4500 001 000000234269 003 CaOOAMICUS 005 20141010000000.0 008 141010s1929 it u000 u ita u 013 $a213172 040 $aSeMil$bita 245 10$aArchitettura, scultura applicata, arte decorativa :$blegni, metalli, tessuti, ecc. 250 $a3. ed. riveduta. 260 $aMilano :$bUlrico Hoepli,$c1929. 300 $aXIX, 752 p. :$bill. ;$c16 cm. 490 0 $aManuali Hoepli 773 0 $aMelani, Alfredo <1859-1928>$tArte di distinguere gli stili.$dMilano : Ulrico Hoepli, 1918-1929.$kManuali Hoepli$g1$w()30678 830 0$aManuali Hoepli.$0(OLS)http://semarc/title/7639 850 $aSeMil 852 $aSeMil$W1$xVenegono$y1$m2ZB V 17 FA$j184615$B184615$CSeMilBibl$Z2$F195612 $8I 996 $6245$aArchitettura, scultura applicata, arte decorativa :$blegni, metalli, tessuti, ecc$9(OLS)http://semarc/title/334415 996 $6260$aMilano :$bUlrico Hoepli$9(OLS)http://semarc/publisher/29765 LEADER 01261nam a2200265 i 4500 001 000000210188 003 CaOOAMICUS 005 20120117000000.0 008 120117s1937 it u000 u ita u 013 $a188996 040 $aSeMil$bita 100 1 $aCeria, Luigi.$0(OLS)http://semarc/name/75281 245 12$aL'eccidio del Prina e gli ultimi giorni del regno italiano (1814) /$cLuigi Ceria. 260 $aMilano :$bMondadori,$ccopyr. 1937. 300 $aXII, 313 p., [13] p. di tav. :$bill. ;$c19 cm. 490 0 $aI libri verdi : drammi e segreti della storia ;$vN.36 500 $aIn preliminari : Dedica autografata dall'Autore. 650 4$aRegno d'Italia <1805-1814>.$0(OLS)http://semarc/subject/45151 650 4$aPrina, Giuseppe - Morte.$0(OLS)http://semarc/subject/32314 650 4$aMilano - Storia - 1814.$0(OLS)http://semarc/subject/16498 830 2$aI libri verdi : drammi e segreti della storia ;$vN.36.$0(OLS)http://semarc/title/25377 850 $aSeMil 852 $aSeMil$W1$xVenegono$y1$m3S II 185$j160638$B160638$CSeMilBibl$Z2$F171542 $81 996 $6245$aL'eccidio del Prina e gli ultimi giorni del regno italiano (1814)$9(OLS)http://semarc/title/303857 996 $6260$aMilano :$bMondadori$9(OLS)http://semarc/publisher/30335